000 00536nam a22001937a 4500
008 150601b xxu||||| |||| 00| 0 eng d
020 _a9781586488918 (alk. paper)
020 _a9781586488925 (e-book)
041 0 _aeng
080 _a33
100 1 _aNye, Joseph S.
245 1 4 _aThe future of power
_cJoseph S. Nye, Jr.
250 _a1st ed.
260 _aNew York :
_bPublicAffairs,
_cc2011.
300 _a300 f. :
_bme il.;
_c24 cm.
505 _aIndex: f.283-300
650 0 _aEkonomia
942 _2udc
_cBK
999 _c937
_d937